Management επιχειρήσεων και οργανισμών

Αποθηκεύτηκε σε:
Λεπτομέρειες βιβλιογραφικής εγγραφής
Κύριος συγγραφέας: Μαντζάρης, Γιάννης
Μορφή: Βιβλίο
Γλώσσα:Greek
Δημοσίευση: Σέρρες : Μαντζάρης Γιάννης, 2008
Θέματα:
Ετικέτες: Προσθήκη ετικέτας
Δεν υπάρχουν, Καταχωρήστε ετικέτα πρώτοι!

MARC

LEADER 00000cam a2200000 i 4500
001 1/48801
008 140605s2008 gre d
020 |a 978-960-92475-2-8 (τ.Β) 
035 |l 10117888 
040 |a GR-MY-UA  |b gre  |e aacr 
041 0 |a gre 
082 0 |a 658  |2 (23) 
100 1 |a Μαντζάρης, Γιάννης. 
245 1 0 |a Management επιχειρήσεων και οργανισμών /  |c Μαντζάρης Γιάννης 
260 |a Σέρρες :   |b Μαντζάρης Γιάννης,   |c 2008 
300 |a 637 σ.;  |b πίν., σχεδ.;  |c 24 εκ. 
504 |a Περιλαμβάνει βιβλιγραφία 
650 0 0 |a Management. 
650 0 0 |a Industrial management. 
852 |a INST  |b LESVOS  |e 20140605  |h 658 ΜΑΝ  |p 005100054321  |q 005100054321  |t BK  |y 0  |z τ.Β 
852 |a INST  |b LESVOS  |e 20140605  |h 658 ΜΑΝ  |p 005100054321  |q 005100054321  |t BK  |v τ.Β:  |y 0  |z τ.Β 
853 |a INST  |b LESVOS  |h 658 ΜΑΝ 
901 |a BIBL1-2014-2 
970 |a Τζαφέρη  |b Ευαγγελία  |z 2014/06/05